00000000nam##2200000za#4500
0019.535843
003CaOODSP
00520200327073300
007ta
008150406|2002||||xxc|||||     f|0| 0 fre|d
020 |a0-660-61792-7
040 |aCaOODSP|bfre
041 |aeng
041 |afre
043 |an-cn---
0861 |aBT31-2/2003-III-86
1101 |aCanada. |bConseil du trésor.
24510|aConseil d'examen du prix des médicaments brevetés
260 |aOttawa - Ontario : |bSecrétariat du Conseil du Trésor du Canada |c2002.
300 |aTexte français, 20p. : |btableaux ; |c28 cm.
4901 |aBudget des dépenses 2002-2003, partie III: rapport sur les plans et les priorités
546 |aBilingue
563 |aCouverture souple
590 |a02-14|b2002-04-05
69107|aPrévisions budgétaires|2gcpds
69107|aInstitution fédérale|2gcpds
69107|aMédicament|2gcpds
69107|aBrevet|2gcpds
69107|aPrix|2gcpds
7760#|tPatented Medicine Prices Review Board, 2002-2003 estimates, part III, report on plans and priorities |w(CaOODSP)9.568143
7760#|tConseil d'examen du prix des médicaments brevetés, budget des dépenses 2002-2003, partie III, rapport sur les plans et les priorités |w(CaOODSP)9.599437
791 |tPatented Medicine Prices Review Board |eeng|w(CaOODSP)9.535842
830#0|aBudget des dépenses 2002-2003, partie III: rapport sur les plans et les priorités.|w(CaOODSP)9.508969